000 00636nam a22001817i 4500
999 _c23519
_d23519
003 AR-CdUCM
008 260130b20232023 pe||||| |||| 00| 0 spa d
040 _aMUNICIPALIDAD PROVINCIAL DEL CUSCO
_cBIBLIOTECA MUNICIPAL DEL CUSCO
041 _hspa
082 _aES / 869.57
_bA652D
100 _aAquino Ordinola, Erika
_952312
245 _aDemolición de las aves /
260 _aLima-Perú :
_bAlastor S.A.C.
_c2023
300 _a70 páginas. :
_c19x20 cm.
505 _aÉxodo en un acto -- La creación vista por un ojo desde el mar -- Devorar el cine en una estación suspendida
942 _2ddc
_cLIBROS
945 _apbjr
_d30-01-2026